Quelle ville du Calvados ? - Statistiques

Statistiques générales
  • Ce quiz a été pris 60 fois
    58 depuis la dernière actualisation
  • Le résultat moyen est 12 sur 20
Statistiques - réponses
Quelle commune calvadosienne... Lettre Ville % Correct
...abrite une tapisserie retraçant l'histoire de la conquête de l'Angleterre ? B Bayeux
98%
...est célèbre pour son festival du film américain aux planches iconiques ? D Deauville
94%
...est réputée pour ses abbayes et les tripes que l'on mange à sa mode ? C Caen
92%
...fut peinte par Courbet, Boudin ou encore Monet ? H Honfleur
78%
...a vu prier et mourir une religieuse carmélite prénommée Thérèse ? L Lisieux
78%
...est la rivale de la précédente, de l'autre côté de la Touques ? T Trouville-sur-Mer
71%
...est réputée pour ses produits laitiers et ses caramels Dupont ? I Isigny-sur-Mer
69%
...abrite la plage de Riva-Bella, parfois ajoutée au nom de la municipalité ? O Ouistreham
69%
...combine quant-à-elle une région naturelle et un fromage à pâte molle ? L Livarot-Pays-d'Auge
65%
...est le lieu de production du plus ancien fromage de Normandie ? P Pont-l'Évêque
65%
...fut capitale du duché de Normandie et vit naître Guillaume le Conquérant ? F Falaise
63%
...accueillit un port artificiel dans le cadre du débarquement de Normandie ? A Arromanches-les-Bains
61%
...était chère à Marcel Proust qui fréquentait son Grand Hôtel ? C Cabourg
59%
...a un nom juxtaposant celui d'une rivière et celui d'une région ? V Vire Normandie
59%
...abrite un cimetière américain surplombant la plage d'Omaha ? C Colleville-sur-Mer
51%
...a vu sa population multipliée par 13 entre les années 1950 et 1970 ? H Hérouville-Saint-Clair
49%
...est l'un des principaux ports de pêche à la Saint-Jacques du monde ? P Port-en-Bessin-Huppain
33%
...dispose d'un pont franchissant un canal appelé Pegasus Bridge ? B Bénouville
18%
...fut la capitale des Viducasses avant de prospérer comme cité romaine ? V Vieux
16%
...apparaît sous le nom de Tigreville dans le film Un singe en hiver ? V Villerville
12%
Aucun quiz correspondant
Distribution des résultats
% des personnes avec chaque résultat
Percentile par nombre de réponses
Votre historique - résultats
Vous n’avez pas pris ce quiz depuis la dernière actualisation